| 000 | 00413nam a2200145Ia 4500 | ||
|---|---|---|---|
| 008 | 260624s2022 xx 000 0 und d | ||
| 020 | _a9789354651373 | ||
| 041 | _aeng | ||
| 082 | _a616.025 | ||
| 100 | _aSharma Bhawna | ||
| 245 | _aTextbook of Emergency Medicine Including Intensive Care & Trauma Vol.1 | ||
| 250 | _a2nd ed | ||
| 260 |
_bJaypee Brothers Med. Pub.2022 _c2022 |
||
| 650 | _aEmergency Medicine | ||
| 999 |
_c1222561 _d1222561 |
||